000 00664nam a2200193 a 4500
001 000044745
005 20201002045608.0
008 150108s2014 dr 000 0 spa d
020 _a9789945081404
040 _aDO-SdBNP
_bspa
_cBNPHU
100 1 _aPiña Martínez, Alfredo
_936256
245 1 0 _aPrecedentes Vinculantes del Tribunal Constitucional Dominicano /
_cAlfredo Piña Martínez.
260 _aSanto Domingo :
_bSoto Castillo,
_c2014.
300 _av. ;
_c25 cm.
500 _aIncluye índice
504 _aBibliografía : 649-650
500 _aIncluye datos biográficos del autor en la solapa
505 _av. 1
_tTC/0001 del 2012 a la TC/0060 del 2014
999 _c44234
_d44234